Rezab hidupan liar Sungai Dusun : Inspirasi alam rimba
| Main Author: | |
|---|---|
| Format: | Book |
| Published: |
Kuala Lumpur :
Jabatan Perhilitan ,
2008
|
| Subjects: |
MARC
| LEADER | 00000cam a2200000 7i4500 | ||
|---|---|---|---|
| 001 | 0000003910 | ||
| 005 | 20110928.0 | ||
| 020 | 0 | 0 | |a 9789834418151 |
| 090 | 0 | 0 | |a 591.7 |b HID 2008 |
| 100 | 0 | 0 | |a Jabatan Perhilitan |c 2008 |
| 245 | 1 | 0 | |a Rezab hidupan liar Sungai Dusun : |b Inspirasi alam rimba |
| 260 | 0 | 0 | |a Kuala Lumpur : |b Jabatan Perhilitan , |c 2008 |
| 300 | |a 74 p. : |b ill. ; |c 30 cm. | ||
| 650 | 0 | 0 | |a Fauna---Selangor |
| 650 | 0 | 0 | |a Flora---Selangor |
| 998 | |a JPSM | ||
| 999 | |a 007684 |b Monograph |c Open Shelf |e Default branch | ||